000 00898nam a2200301Ia 4500
001 57156
003 IT-RoPAU
008 130308s9999 xx 000 0 und d
040 _aIT-RoPAU
040 _cIT-RoPAU
041 _aITALIANO
100 _aTurconi Davide
100 _gCodice Aut. SPICS: 301
245 _aQuale storia del cinema?-Appunti sulla problematica della storia del cinema
245 _bLeggere Il Cinema-Le Storie e I Generi
250 _a1a ed.
260 _aMILANO
260 _bBibliografica
260 _c1987 [1° Ed.:1987 - Ed.Ling.Originale:1987]
300 _a"38 p. (prefazione: no ; testo: 38 [pagine: 19-56])"
500 _aMateria da Trattare Filo Conduttore Fonti di documentazione Sistemazione Storico Critica
650 _aBIBLIOGRAFIA
650 _eCodice materia Spics: 2001
942 _cBK
957 _71
999 _c38523
_d38523
999 _bSI
999 _g1